|
|
|
|
| LEADER |
01693nam a2200325 a 4500 |
| 001 |
1123032 |
| 008 |
091013s2002 njua b 001 0 eng d |
| 010 |
|
|
|a 94003485
|
| 020 |
|
|
|a 9814126535
|
| 020 |
|
|
|a 0131022784
|
| 040 |
|
|
|a DLC
|c DLC
|d DLC
|
| 082 |
0 |
0 |
|a 621.319/2
|2 20
|
| 100 |
1 |
|
|a Johnson, David E.
|
| 245 |
0 |
0 |
|a Basic electric circuit analysis /
|c David E. Johnson ... [et al.].
|
| 250 |
|
|
|a 5th ed.
|
| 260 |
|
|
|a Englewood Cliffs, N.J. :
|b Prentice Hall/John Wily & Son,
|c c2002.
|
| 300 |
|
|
|a xiv, 752 p. :
|b ill. ;
|c 24 cm.
|
| 500 |
|
|
|a Rev. ed. of: Basic electric circuit analysis / David E, Johnson. 4th ed. 1990.
|
| 504 |
|
|
|a Includes bibliographical references and index.
|
| 541 |
1 |
|
|e 00019345
|
| 650 |
|
0 |
|a Electric circuit analysis.
|
| 700 |
1 |
|
|a Hilburn, John L.
|
| 700 |
1 |
|
|a Johnson, Jonny R.
|
| 700 |
1 |
|
|a Sott, Peter D.
|
| 852 |
4 |
|
|a Ayesha Abed Library
|j General Shelf.
|
| 999 |
|
|
|c 4553
|d 4553
|
| 952 |
|
|
|0 0
|1 0
|2 ddc
|4 0
|6 621_319200000000000_BAS_2002
|7 0
|9 4304
|a BRACUL
|b BRACUL
|c GEN
|d 2009-10-13
|g 636.00
|l 15
|m 81
|o 621.3192 BAS
|p 3010019345
|r 2025-08-06
|s 2025-07-28
|t 1
|v 1272.00
|w 2009-10-13
|y BK
|
| 952 |
|
|
|0 0
|1 0
|2 ddc
|4 0
|6 621_319200000000000_BAS_2002
|7 0
|9 4305
|a BRACUL
|b BRACUL
|c GEN
|d 2009-10-13
|g 636.00
|l 9
|m 100
|o 621.3192 BAS
|p 3010019344
|r 2024-06-22
|s 2024-06-08
|t 2
|v 1272.00
|w 2009-10-13
|y BK
|
| 952 |
|
|
|0 0
|1 0
|2 ddc
|4 0
|6 621_319200000000000_BAS_2002
|7 0
|9 4306
|a BRACUL
|b BRACUL
|c GEN
|d 2009-10-13
|g 636.00
|l 20
|m 100
|o 621.3192 BAS
|p 3010019343
|r 2025-09-18
|s 2025-06-29
|t 3
|v 1272.00
|w 2009-10-13
|y BK
|
| 952 |
|
|
|0 0
|1 0
|2 ddc
|4 0
|6 621_319200000000000_BAS_2002
|7 0
|9 4307
|a BRACUL
|b BRACUL
|c GEN
|d 2009-10-13
|g 636.00
|l 9
|m 29
|o 621.3192 BAS
|p 3010019342
|r 2023-06-14
|s 2023-06-14
|t 4
|v 1272.00
|w 2009-10-13
|y BK
|